Krishna's business communication for 1st semester BBA, CCS University , Meerut / (Record no. 51905)

MARC details
000 -LEADER
fixed length control field 00939nam a22002777a 4500
005 - DATE AND TIME OF LATEST TRANSACTION
control field 20110426143055.0
008 - FIXED-LENGTH DATA ELEMENTS--GENERAL INFORMATION
fixed length control field 110426t xxu||||| |||| 00| 0 eng d
010 ## - LCCN (DPL NO)
LC control number ENG-102311
020 ## - INTERNATIONAL STANDARD BOOK NUMBER
International Standard Book Number 9788182830974
Terms of availability 150.00
035 ## - SYSTEM CONTROL NUMBER
System control number EN-85844
037 ## - SOURCE OF ACQUISITION
Source of stock number/acquisition DBAD/PUB
040 ## - CATALOGING SOURCE
Original cataloging agency dpl
Language of cataloging Eng
082 ## - DEWEY DECIMAL CLASSIFICATION NUMBER
Classification number 651.7
100 ## - MAIN ENTRY--PERSONAL NAME
9 (RLIN) 27456
Personal name Agarwal, Malti
245 ## - TITLE STATEMENT
Title Krishna's business communication for 1st semester BBA, CCS University , Meerut /
Statement of responsibility, etc by Malti Agarwal
260 ## - PUBLICATION, DISTRIBUTION, ETC. (IMPRINT)
Place of publication, distribution, etc Meerut
Name of publisher, distributor, etc Krishna Prakashan Media
Date of publication, distribution, etc 2010
270 ## - ADDRESS
Address 11, Shivaji Road
City Meerut
Postal code 250001
Electronic mail address info@krishnaprakashan.com
300 ## - PHYSICAL DESCRIPTION
Extent xvi, 320 p.
Dimensions 23cm (pbk)
610 ## - SUBJECT ADDED ENTRY--CORPORATE NAME
9 (RLIN) 27464
650 ## - SUBJECT ADDED ENTRY--TOPICAL TERM
9 (RLIN) 27465
651 ## - SUBJECT ADDED ENTRY--GEOGRAPHIC NAME
9 (RLIN) 27466
700 ## - ADDED ENTRY--PERSONAL NAME
9 (RLIN) 27451
710 ## - ADDED ENTRY--CORPORATE NAME
9 (RLIN) 27453
942 ## - ADDED ENTRY ELEMENTS (KOHA)
Source of classification or shelving scheme Dewey Decimal Classification
Item type English Books
Classification part 651.7
Call number suffix AGA
Holdings
Withdrawn status Lost status Source of classification or shelving scheme Damaged status Not for loan Collection code Home library Current library Date acquired Source of acquisition Cost, normal purchase price Total Checkouts Full call number Barcode Date last seen Copy number Cost, replacement price Koha item type
    Dewey Decimal Classification   Not For Loan Non-fiction D.B.Act.Division D.B.Act.Division 26/04/2011 DBAD/PUB 150.00   651.7 AGA EN-85844 26/04/2011 1 150.00 English Books

© Delhi Public Library
Hit Counter
free hit counter